<?xml version="1.0" encoding="UTF-8"?>
<record
    xmlns:xsi="http://www.w3.org/2001/XMLSchema-instance"
    xsi:schemaLocation="http://www.loc.gov/MARC21/slim http://www.loc.gov/standards/marcxml/schema/MARC21slim.xsd"
    xmlns="http://www.loc.gov/MARC21/slim">

  <leader>00804nam a2200157Ia 4500</leader>
  <controlfield tag="008">210323s9999||||xx |||||||||||||| ||und||</controlfield>
  <datafield tag="040" ind1=" " ind2=" ">
    <subfield code="c">STCPL</subfield>
  </datafield>
  <datafield tag="041" ind1=" " ind2=" ">
    <subfield code="h">HND</subfield>
  </datafield>
  <datafield tag="082" ind1=" " ind2=" ">
    <subfield code="a">891.4301</subfield>
    <subfield code="b">SHA-H</subfield>
  </datafield>
  <datafield tag="100" ind1=" " ind2=" ">
    <subfield code="a">Sharma Devaraj</subfield>
  </datafield>
  <datafield tag="245" ind1=" " ind2="0">
    <subfield code="a">Hindi ki rashtriya kavyadhara ek samagra anuseelan</subfield>
    <subfield code="h">&#x939;&#x93F;&#x928;&#x94D;&#x926;&#x940; &#x915;&#x940; &#x930;&#x93E;&#x937;&#x94D;&#x91F;&#x94D;&#x930;&#x940;&#x92F; &#x915;&#x93E;&#x935;&#x94D;&#x92F;&#x927;&#x93E;&#x930;&#x93E; &#x90F;&#x915; &#x938;&#x92E;&#x917;&#x94D;&#x930; &#x905;&#x928;&#x941;&#x936;&#x940;&#x932;</subfield>
  </datafield>
  <datafield tag="260" ind1=" " ind2=" ">
    <subfield code="a">Thrissur</subfield>
    <subfield code="b">Indraprasth Prakashan </subfield>
    <subfield code="c">1000</subfield>
  </datafield>
  <datafield tag="300" ind1=" " ind2=" ">
    <subfield code="a">P- 427  21  CM</subfield>
  </datafield>
  <datafield tag="650" ind1=" " ind2=" ">
    <subfield code="a">Hindi&#xD2C;&#xD3E;&#xD32;&#xD15;&#xD3E;&#xD23;&#xD4D;&#xD21;&#xD02;, &#xD05;&#xD2F;&#xD4B;&#xD26;&#xD4D;&#xD27;&#xD4D;&#xD2F;&#xD3E;&#xD15;&#xD3E;&#xD23;&#xD4D;&#xD21;&#xD02;, &#xD06;&#xD30;&#xD23;&#xD4D;&#xD2F;&#xD15;&#xD3E;&#xD23;&#xD4D;&#xD21;&#xD02;, &#xD15;&#xD3F;&#xD37;&#xD4D;&#xD15;&#xD3F;&#xD28;&#xD4D;&#xD27;&#xD3E;&#xD15;&#xD3E;&#xD23;&#xD4D;&#xD21;&#xD02;, &#xD38;&#xD41;&#xD28;&#xD4D;&#xD26;&#xD30;&#xD15;&#xD3E;&#xD23;&#xD4D;&#xD21;&#xD02;, &#xD2F;&#xD41;&#xD26;&#xD4D;&#xD27;&#xD15;&#xD3E;&#xD23;&#xD4D;&#xD21;&#xD02;, &#xD09;&#xD24;&#xD4D;&#xD24;&#xD30;&#xD30;&#xD3E;&#xD2E;&#xD3E;&#xD2F;&#xD23;&#xD02;, </subfield>
  </datafield>
  <datafield tag="942" ind1=" " ind2=" ">
    <subfield code="c">BK</subfield>
  </datafield>
  <datafield tag="999" ind1=" " ind2=" ">
    <subfield code="c">41390</subfield>
    <subfield code="d">41390</subfield>
  </datafield>
  <datafield tag="952" ind1=" " ind2=" ">
    <subfield code="0">0</subfield>
    <subfield code="1">0</subfield>
    <subfield code="4">0</subfield>
    <subfield code="7">0</subfield>
    <subfield code="a">STCPL</subfield>
    <subfield code="b">STCPL</subfield>
    <subfield code="c">P 28 A</subfield>
    <subfield code="d">2021-07-10</subfield>
    <subfield code="g">75.00</subfield>
    <subfield code="l">0</subfield>
    <subfield code="o">891.4301 SHA-H</subfield>
    <subfield code="p">49407</subfield>
    <subfield code="r">2021-07-10 00:00:00</subfield>
    <subfield code="w">2021-07-10</subfield>
    <subfield code="y">BK</subfield>
  </datafield>
</record>
